Pension Law

Detalles Bibliográficos
Autor principal: Kaplan, Ari
Otros Autores: Frazer, Mitch
Formato: eBook
Lenguaje:inglés
Publicado: Toronto: Irwin Law Inc., 2021
Materias:
Acceso en línea:Acceso restringido

MARC

LEADER 00000nam a22000007a 4500
005 20210813110824.0
007 cr|||| ||||
008 210813s2021 ca |||||s|||| 00||0 eng d
020 |a 978-1-55221-562-3 
035 |a 35011 
040 |a vLex 
090 |c 12009  |d 12009 
100 1 |a Kaplan, Ari 
245 1 0 |a Pension Law  |h [Recurso electrn̤ico] /  |c Ari Kaplan, Mitch Frazer 
256 |a Servicio en ln̕ea 
260 |a Toronto:  |b Irwin Law Inc.,  |c 2021 
300 |a 1 recurso electrn̤ico 
506 1 |a Disponible solo en los productos indicados  |d vLex Global  |d vLex Global (Academic Edition, excluding Law Schools)  |d vLex Global (U.S. Academic Edition, Law Schools)  |d vLex Global (U.S. Academic Edition, excluding Law Schools)  |d vLex Global (Academic Edition, Law Schools) 
650 0 4 |a Derecho Laboral y Seguridad Social  |z Canad̀ 
700 1 |a Frazer, Mitch 
740 0 |a vLex Libros (Servicio en ln̕ea) 
856 4 0 |u https://app.vlex.com/#/sources/35011  |z Acceso restringido 
942 |c BOOK 
999 0 |a Labor law and social security